|
|
|
|
| LEADER |
02424cam a2200385 a 4500 |
| 001 |
c000394824 |
| 003 |
CARM |
| 005 |
20131007090542.0 |
| 008 |
131007s1997 ctua b 001 0 eng d |
| 010 |
|
|
|a 97011085
|
| 015 |
|
|
|a GB9774717
|2 bnb
|
| 019 |
1 |
|
|a 13126218
|5 LACONCORD2021
|
| 020 |
|
|
|a 0275957977 (alk. paper)
|
| 035 |
|
|
|a (OCoLC)36566016
|5 LACONCORD2021
|
| 040 |
|
|
|a DLC
|b eng
|c DLC
|d DLC
|d OrLoB-B
|
| 043 |
|
|
|a n-us---
|
| 050 |
0 |
0 |
|a GV880.15
|b .J467 1997
|
| 082 |
0 |
4 |
|a 331.890417963570973
|2 21
|
| 100 |
1 |
|
|a Jennings, Kenneth M.
|
| 245 |
1 |
0 |
|a Swings and misses :
|b moribund labor relations in professional baseball /
|c Kenneth M. Jennings.
|
| 260 |
|
|
|a Westport, Conn. :
|b Praeger,
|c 1997.
|
| 300 |
|
|
|a xii, 259 p. :
|b ill. ;
|c 25 cm.
|
| 500 |
|
|
|a Companion vol. to: Balls and strikes.
|
| 504 |
|
|
|a Includes bibliographical references (p. [251]-254) and index.
|
| 505 |
0 |
|
|a 1. Collective Bargaining Experiences and Results, 1966-1990 -- 2. Owners' Economic Concerns Affecting the 1993-1996 Negotiations -- 3. Owners' Organizational Frictions Affecting Current Labor Relations: From Steinbrenner to Vincent to Schott -- 4. Bargaining Precursors and Dormancy through the 1994 World Series Cancellation -- 5. Nonproductive Collective Bargaining after the World Series Cancellation until the 1995 Spring Training Season -- 6. Labor Relations Developments from the 1995 Spring Training Season until Judge Sotomayor's Decision -- 7. Vanishing Labour-Management Relationships through the Remainder of 1995 -- 8. Management-Labor Ambivalence during the First Eight Months of 1996 -- 9. Lethargy, Yet Eventual Settlement -- 10. Summary, Possible Implications, and Prospects -- Appendix. Chronology of Events in Baseball's Labor Relations Activities, 1992-1997 -- Baseball Bibliographic Note.
|
| 650 |
|
0 |
|a Collective bargaining
|x Baseball
|z United States.
|
| 650 |
|
0 |
|a Industrial relations
|z United States.
|
| 650 |
|
0 |
|a Strikes and lockouts
|x Baseball
|z United States.
|
| 650 |
|
0 |
|a Baseball players
|x Labor unions
|z United States.
|
| 700 |
1 |
|
|a Jennings, Kenneth M.
|t Balls and strikes.
|
| 852 |
8 |
|
|b CARM
|p 0595410
|f BK
|
| 852 |
8 |
|
|b SCAN
|h A3:AH07F0
|i C12959
|p 0595410
|f BK
|
| 999 |
f |
f |
|i 43a3ac21-9a1e-5507-8dac-3e6b7424017a
|s 509e8a11-d94c-5688-b5d5-5aff58c1d03f
|
| 952 |
f |
f |
|p Can circulate
|a CAVAL
|b CAVAL
|c CAVAL
|d CARM 1 Store
|i book
|m 0595410
|
| 952 |
f |
f |
|a CAVAL
|b CAVAL
|c CAVAL
|d Unmapped Location
|e C12959
|f A3:AH07F0
|h Other scheme
|